000 00277nam a2200109Ia 4500
005 20251222152014.0
008 251222s9999||||xx |||||||||||||| ||spa||
082 _a634.653/F81
100 _a"Franciosi Tijero, Rafael"
245 0 _aEl cultivo del palto en el PerĂº
942 _cLIB
999 _c25028
_d25028